Pronunciation practice

Wedi'i Gadw mewn:
Manylion Llyfryddiaeth
Prif Awdur: Byrne, Donn and Walsh, Gordon
Fformat: Llyfr
Iaith:Undetermined
Cyhoeddwyd: Londres, Inglaterra Longman 1873
Pynciau:
Tagiau: Ychwanegu Tag
Dim Tagiau, Byddwch y cyntaf i dagio'r cofnod hwn!

MARC

LEADER 00000nam a2200000Ia 4500
008 170316s9999 xx 000 0 und d
090 |a 410 B-34p 
100 |a Byrne, Donn and Walsh, Gordon 
245 |a Pronunciation practice 
260 |a Londres, Inglaterra 
260 |b Longman 
260 |c 1873 
300 |a 175 páginas 
650 |a LINGÜÍSTICA 
999 |c 18256  |d 18256 
040 |a cru BVZT 
942 |c 15 D  |h 410 B-34p  |2 z